Tài liệu dịch viết 4
Gardado en:
| Formato: | Libro |
|---|---|
| Publicado: |
Đồng Tháp
Đồng Tháp
2016
|
| Những chủ đề: | |
| Các nhãn: |
Engadir etiqueta
Sen Etiquetas, Sexa o primeiro en etiquetar este rexistro!
|
| Thư viện lưu trữ: | Trung tâm Học liệu Lê Vũ Hùng, Trường Đại học Đồng Tháp |
|---|
| LEADER | 00723pam a22002538a 4500 | ||
|---|---|---|---|
| 001 | 00038410 | ||
| 005 | 20171026081023.0 | ||
| 008 | 170516s2016 ||||||Viesd | ||
| 041 | 0 | # | |a Vie |
| 082 | 1 | 4 | |a 808.004 |b T103L |
| 245 | 1 | 0 | |a Tài liệu dịch viết 4 |
| 260 | # | # | |a Đồng Tháp |b Đồng Tháp |c 2016 |
| 300 | # | # | |a 99tr. |c 27cm |
| 653 | # | # | |a Dịch viết |
| 653 | # | # | |a Ngôn ngữ |
| 653 | # | # | |a Tiếng Anh |
| 653 | # | # | |a Phương pháp |
| 852 | # | # | |b Kho mượn |j KM.0021668 |
| 852 | # | # | |b Kho đọc |j KD.0020650 |
| 852 | # | # | |j KD.0020650 |j KM.0021668 |
| 910 | |d 16/05/2017 | ||
| 980 | # | # | |a Trung tâm Học liệu Lê Vũ Hùng, Trường Đại học Đồng Tháp |